[Event "Zagreb Hulak Memorial op 1st"]
[Site "Zagreb"]
[Date "2016.06.10"]
[Round "1"]
[White "Sindik, Dario"]
[Black "Cebalo, Miso"]
[Result "0-1"]
[WhiteElo "1939"]
[BlackElo "2409"]
[PlyCount "90"]
[EventDate "2016.06.10"]
[EventType "swiss"]
[EventRounds "9"]
[EventCountry "CRO"]
[SourceTitle "CBM 173 Extra"]
[Source "ChessBase"]
[SourceDate "2016.08.29"]
[SourceVersion "1"]
[SourceVersionDate "2016.08.29"]
[SourceQuality "1"]

1. e4 c5 2. Nf3 d6 3. d4 cxd4 4. Nxd4 Nf6 5. Nc3 g6 6. Be3 Bg7 7. f3 0-0 8. Qd2 Nc6 9. g4 Be6 10. 0-0-0 Nxd4 11. Bxd4 Qa5 12. Kb1 Rfc8 13. h4 h5 14. g5 Nd7 15. Bxg7 Kxg7 16. Nd5 Qxd2 17. Rxd2 Kf8 18. Nf4 Nc5 19. Nxe6+ Nxe6 20. Bh3 Rc4 21. Bxe6 fxe6 22. Re1 e5 23. Re3 Kf7 24. Rb3 b6 25. Kc1 Ke6 26. Rbd3 Rf8 27. b3 Rc5 28. Kb2 Rf4 29. Rh2 b5 30. c3 d5 31. exd5+ Rxd5 32. Re3 Kd6 33. a3 a5 34. b4 a4 35. Kc2 Ke6 36. Kc1 Kf5 37. Kc2 Rc4 38. Re4 Rxe4 39. fxe4+ Kxe4 40. c4 bxc4 41. Kc3 Rd3+ 42. Kxc4 Rxa3 43. Rb2 Ra1 44. b5 a3 45. Re2+ Kf3 0-1

[Event "CRO-chT4A Center"]
[Site "Zagreb"]
[Date "2010.05.09"]
[Round "6.16"]
[White "Sindik, Dario"]
[Black "Viljanac, Ranko"]
[Result "1/2-1/2"]
[WhiteElo "1888"]
[BlackElo "2043"]
[PlyCount "140"]
[EventDate "2010.03.21"]
[EventType "team-tourn"]
[EventRounds "11"]
[EventCountry "CRO"]
[SourceTitle "EXT 2012"]
[Source "ChessBase"]
[SourceDate "2011.11.24"]
[SourceVersion "1"]
[SourceVersionDate "2011.11.24"]
[SourceQuality "1"]

1. e4 d6 2. d4 Nf6 3. Nc3 b6 4. Be3 Bb7 5. f3 Nbd7 6. Qd2 c6 7. Bd3 e5 8. Nge2 Be7 9. 0-0-0 Qc7 10. Kb1 a6 11. g4 c5 12. dxc5 Nxc5 13. Ng3 b5 14. g5 Ng8 15. Nf5 Ne6 16. Nd5 Qd8 17. Nfxe7 Nxe7 18. Nxe7 Qxe7 19. Be2 Rd8 20. h4 d5 21. exd5 Rxd5 22. Qa5 Rxd1+ 23. Rxd1 0-0 24. Qb6 Re8 25. Qd6 Qxd6 26. Rxd6 Rd8 27. Rb6 Rd7 28. a4 bxa4 29. Rb4 f5 30. c3 f4 31. Bf2 Kf7 32. Kc2 Bc6 33. Rb6 Bd5 34. Rxa6 e4 35. fxe4 Bxe4+ 36. Kc1 f3 37. Bc4 Bf5 38. Rxa4 Ke7 39. Bxe6 Bxe6 40. Rf4 Bd5 41. Kc2 Ke6 42. Rb4 Kf5 43. Kd2 Re7 44. Be3 Be4 45. h5 Kg4 46. h6 gxh6 47. gxh6 Kg3 48. Rb8 Bg6 49. Rf8 Kg2 50. Rf4 Kg3 51. Rf8 Re6 52. b4 Ra6 53. Bd4 Ra2+ 54. Ke1 Rb2 55. Rf6 Re2+ 56. Kd1 Bd3 57. Rf8 Bc4 58. Ra8 Bd3 59. Rg8+ Kf4 60. Rf8+ Kg4 61. Ra8 Kh5 62. Rf8 Re6 63. Kd2 Be2 64. Rf6 Re4 65. b5 Kg5 66. b6 Re7 67. Rc6 Rd7 68. Rc7 Rxc7 69. bxc7 Ba6 70. Ke3 Bb7 1/2-1/2

[Event "CRO-chT4A Center"]
[Site "Zagreb"]
[Date "2010.04.11"]
[Round "3.56"]
[White "Sindik, Dario"]
[Black "Krizan, Ivan"]
[Result "1-0"]
[WhiteElo "1888"]
[BlackElo "1869"]
[PlyCount "59"]
[EventDate "2010.03.21"]
[EventType "team-tourn"]
[EventRounds "11"]
[EventCountry "CRO"]
[SourceTitle "EXT 2012"]
[Source "ChessBase"]
[SourceDate "2011.11.24"]
[SourceVersion "1"]
[SourceVersionDate "2011.11.24"]
[SourceQuality "1"]

1. e4 d6 2. d4 g6 3. Nc3 h5 4. Be3 c6 5. Qd2 Nh6 6. f3 f5 7. Bd3 e5 8. Bg5 Qb6 9. dxe5 dxe5 10. 0-0-0 Bc5 11. Na4 Qb4 12. Nxc5 Qxc5 13. Bxh6 f4 14. Bc4 Nd7 15. Be6 Rh7 16. Bg5 Qb6 17. Qd6 h4 18. Bxd7+ Rxd7 19. Qxg6+ Kf8 20. Qh6+ Kg8 21. Qe6+ Kh7 22. Qh6+ Kg8 23. Qg6+ Kf8 24. Bh6+ Ke7 25. Qg7+ Ke6 26. Qg8+ Rf7 27. Nh3 Kf6 28. Bg5+ Ke6 29. Qe8+ Re7 30. Qg6# 1-0

[Event "Zupanja op-B 2nd"]
[Site "Zupanja"]
[Date "2008.01.07"]
[Round "7"]
[White "Sindik, Dario"]
[Black "Filipovic, Ivan"]
[Result "0-1"]
[WhiteElo "1774"]
[BlackElo "1996"]
[PlyCount "72"]
[EventDate "2008.01.03"]
[EventType "swiss"]
[EventRounds "9"]
[EventCountry "CRO"]
[SourceTitle "CBM 122 Extra"]
[Source "ChessBase"]
[SourceDate "2008.03.04"]
[SourceVersion "1"]
[SourceVersionDate "2008.03.04"]
[SourceQuality "1"]

1. e4 e5 2. Nf3 Nc6 3. Bb5 a6 4. Ba4 Nf6 5. 0-0 b5 6. Bb3 Bc5 7. c3 d6 8. d4 exd4 9. cxd4 Bb6 10. a4 Bg4 11. Bd5 Nxd5 12. exd5 Ne7 13. Re1 0-0 14. axb5 Nxd5 15. bxa6 Nb4 16. Be3 Bxf3 17. Qxf3 Nc2 18. Nc3 Nxe1 19. Rxe1 Rxa6 20. Qe2 Qa8 21. Qd1 Re8 22. h3 h6 23. Qg4 Kf8 24. Rd1 Ra1 25. Kh2 Rxd1 26. Qxd1 Re6 27. Qb3 Rg6 28. g3 Re6 29. d5 Re8 30. Bxb6 Rb8 31. Qc4 Rxb6 32. Qxc7 Qb8 33. Qxb8+ Rxb8 34. Kg2 Rxb2 35. Na4 Rb5 36. Nc3 Rc5 0-1